01118nmc a2200373 a 4500003000900000005001700009008004100026020001700067040001300084100002300097245002500120250001200145260004700157300002200204490003300226500003500259504003300294600002600327650003200353650002200385650002800407650002300435650003100458650003100489650001400520650001400534651001400548700002500562700003400587700003200621700003300653800002300686800003500709AR-BaBNM20251128203952.0087019s1993 ||||||||||||||000 | spa|| a950-9732-3-6 cAR-BaBNM1 aBertoni, Lilia Ana10aLos tiempos de Rosas a3ª ed. aBuenos AiresbLibros del Quirquinchoc19930 a63 p.bil., mapas 0aUna historia argentinavv. 70 aApéndice documental 49-60 p. aContiene bibliografía p.6314aRosas, Juan Manuel de 4aHISTORIA POLITICA ARGENTINA 4aROSAS Y SU TIEMPO 4aREACCIONES CONTRA ROSAS 4aBATALLA DE CASEROS 4aRELACIONES INTERNACIONALES 4aGUERRAS CIVILES ARGENTINAS 4aUNITARIOS 4aFEDERALES 4aArgentina1 aRomero, Luis Alberto1 aMontes, Gracielaecolaborador1 aSchlaen, Carloseilustrador1 aGeller, Federicoeilustrador1 aBertoni, Lilia Ana1 aRomero, Luis Albertoedirector